MARC

LEADER 00000nam0a2200000 4500
001 319626
005 20231102003211.0
035 |a (RuTPU)RU\TPU\book\345135 
090 |a 319626 
100 |a 20160604d1952 km y0rusy50 ca 
101 0 |a rus 
102 |a RU 
105 |a a z 001zy 
200 1 |a Цементный бетон с пластифицирующими добавками  |f С. В. Шестоперов [и др.]  |g Дорожный научно-исследовательский институт (ДОРНИИ) 
210 |a Москва  |c Дориздат Гушосдора НКВД СССР  |d 1952 
215 |a 107 с.  |c ил. 
320 |a Библиогр.: с. 107 
606 1 |a Бетон цементный  |2 stltpush  |3 (RuTPU)RU\TPU\subj\35524  |9 57185 
610 1 |a пластифицирующая добавка 
610 1 |a адсорбирующие добавки 
610 1 |a адсорбционные пленки 
610 1 |a бетонные смеси 
610 1 |a прочность 
610 1 |a подвижность 
610 1 |a твердение 
610 1 |a твердение 
610 1 |a морозостойкость 
675 |a 666.972  |v 4 
701 1 |a Шестоперов  |b С. В. 
701 1 |a Иванов  |b Ф. М. 
701 1 |a Защепин  |b А. Н. 
701 1 |a Любимова  |b Т. Ю. 
712 0 2 |a Дорожный научно-исследовательский институт (ДОРНИИ)  |2 stltpush  |3 (RuTPU)RU\TPU\col\26637 
801 1 |a RU  |b 63413507  |c 20160604 
801 2 |a RU  |b 63413507  |c 20191128  |g RCR 
942 |c BK